1407 1124 1185 1479 1944 1065 1606 1582 1654 1362 1292 1923 1742 1674 1152 1002 1212 1315 1510 1979 1153 1831 1891 1839 1875 1527 1137 1938 1821 1373 1871 1534 1503 1480 1643 1467 1502 1556 1711 1937 1596 1753 1914 1611 1300 1709 1360 1254 1091 1877 1191 1531 1642 1086 1482 1938 1487 1811 1379 1135 1406 1852 1086 1629 1839 1913 1850 1725 1532 1843 1834 1092 1470 1721 1323 1529 1701 1495 1485 1967 1630 1354 1323 1971 1890 1870 1593 1044 1864 1912 1622 1917 1821 1111 1536 1630 1957 1645 1063 BCNSPRNW ULIB Ver.6.0+V

เปลี่ยนเป็นภาษาไทย

Change to English
 แสดงรายละเอียดบรรณานุกรม
  กลับหน้าหลัก

Brief Record : Get Marc (ISO 2709) : E-mail record : QR code < ปิดหน้าต่าง
LEADER : 00000nam 2200000uu 4500
001    13399121253
003     ULIB
008    110826s2555||||th 000 0 tha d
020    9789743652080
050  4 HA62^bศ452ก
100 0  ศิริชัย กาญจนวาสี
245 10 การเลือกใช้สถิติที่เหมาะสมสำหรับการวิจัย /^cศิริชัย กาญจนวาสี,ทวีวัฒน์ ปิตยานนท์ และ ดิเรก ศรีสุโข
250    พิมพ์ครั้งที่ 6
260    กรุงเทพฯ :^bจุฬาลงกรณ์มหาวิทยาลัย,^c2555
300    219 หน้า :^bภาพประกอบ ;^c27 ซม.
650  4 วิจัย
650  4 วิจัย^xระเบียบวิธีทางสถิติ
650  4 วิจัย^xสถิติ
650  4 สถิติ
650  4 สถิติวิเคราะห์
650  4 สถิติศาสตร์
650  4 สังคมศาสตร์^xระเบียบวิธีทางสถิติ
700 02 ทวีวัฒน์ ปิตยานนท์
700 02 ดิเรก ศรีสุโข
945    ^p200^l0^i033029
995    ทศพร
999 ^a ทศพร
รายการนี้ยังไม่มีแท็ก
คุณยังไม่ได้ล็อกอิน คุณสามารถมีกิจกรรมร่วมกับเว็บไซต์ได้ แต่ต้องล็อกอินก่อน ::
  ล็อกอิน

รายการสื่อสารสนเทศ

ลำดับที่ ประเภท เลขเรียก/บาร์โค้ด สถานที่ สถานะ
1. วิทยาศาสตร์การแพทย์ และสุขภาพ
วิทยาศาสตร์การแพทย์ และสุขภาพ
HA62 ศ452ก ฉ.1 
  Barcode: 033029
ห้องสมุดวิทยาเขตสวรรค์ประชารักษ์
►หนังสือทั่วไป
บนชั้น

รายการใกล้เคียง
    ผู้แต่ง [ศิริชัย กาญจนวาสี]

    หัวเรื่อง [วิจัย]
    หัวเรื่อง [สถิติ]
    หัวเรื่อง [สถิติวิเคราะห์]
    หัวเรื่อง [สถิติศาสตร์]

BibComment


ยังไม่เคยถูกคอมเมนท์

คอมเมนท์ทรัพยากรรายการนี้
  คอมเมนท์: การเลือกใช้สถิติท..


 Copyright 2026. Bcnsprnw @Library